Estudios sobre los requisitos de patentabilidad, el alcance y la violacion del derecho de patente

Detalles Bibliográficos
Autor principal: Vidal-Quadras Trias de Bes, Miguel
Formato: Desconocido
Lenguaje:español
Publicado: Barcelona : J.M. Bosch, 2005
Materias:
Acceso en línea:Acceso restringido

MARC

LEADER 00000ny a22000003n 4500
005 20110523141142.0
008 080612s2005 sp s 000 0 spa c
020 |a 8476987358 
035 |a 657 
040 |a UMA.RE  |d vLex 
080 |a 347.77(0.034) 
090 |c 169  |d 169 
100 1 |a Vidal-Quadras Trias de Bes, Miguel 
245 1 0 |a Estudios sobre los requisitos de patentabilidad, el alcance y la violacion del derecho de patente  |h [Recurso electrn̤ico]  |c Miguel Vidal-Quadras Trias de Bes 
256 |a Servicio en ln̕ea 
260 |a Barcelona :  |b J.M. Bosch,  |c 2005 
506 1 |a Contenido solo disponible en los productos indicados  |d vLex Global  |d vLex Global (Academic Edition, excluding Law Schools)  |d vLex Global (U.S. Academic Edition, Law Schools)  |d vLex Global (U.S. Academic Edition, excluding Law Schools)  |d vLex Global (Academic Edition, Law Schools) 
650 0 7 |a Licencia de patente  |2 Tesauro vLex 
650 0 7 |a Civil  |2 Tesauro vLex 
650 0 7 |a Patentes  |2 Tesauro vLex 
650 0 7 |a Acciones por violacin̤ derecho de las patentes  |2 Tesauro vLex 
650 0 7 |a Derechos de las patentes  |2 Tesauro vLex 
740 0 |a vLex Libros (Servicios en ln̕ea) 
856 4 0 |u http://vlex.com/source/657  |z Acceso restringido 
942 |c BOOK 
999 0 4 |a Patents  |b Barcelona